00901 a2200229 4500001000700000020001800007040003200025090000800057100001800065245003800083300001000121362000900131490003800140520029500178650001600473650001800489650002600507650002000533942000700553952009200560999001900652120958 a9781846164125 cEscola Canadense de Niteroi aRAY aRayner, Shoo 10aThe sing-song of old man kangaroo a47 p.0 a20070 aRudyard Kipling's Just So Stories aThis is a modern re-telling of the classic by Rudyard Kipling, brought to life with appealing illustrations. The Kangaroo wants to be different. He wants to be popular so that other animals will follow him. His wish is granted - but why is Yellow-Dog Dingo chasing him all through the land? 4aDifferences 4aIndividuality 4aChildren's Literature 4aSelf-acceptance cBK 00104070a80.1b80.1d2024-02-09l0oRAYpA06013r2024-02-09 21:16:46w2024-02-09yBK c120958d120958